000
00315nam a22001337a 4500
041
_a
ENG
100
_a
N.C.Patel
245
_a
Sustainable Management OF Water Resources
260
_a
New Delhi
_b
Himanshu Pub
_c
2005
300
_a
348
650
_a
SWCE
700
_a
R .Subbaiah , P.M Chauhan
856
_u
SWCE
999
_c
3249
_d
3249